Welcome to CU Library Online Public Access Catalogue (OPAC)

MRI atlas of the brain / (Record no. 3524)

MARC details
000 -LEADER
fixed length control field 00717nam a2200217 a 4500
001 - CONTROL NUMBER
control field 2928050
005 - DATE AND TIME OF LATEST TRANSACTION
control field 20250206183104.0
008 - FIXED-LENGTH DATA ELEMENTS--GENERAL INFORMATION
fixed length control field 921203s1990 nyua b 001 0 eng d
020 ## - INTERNATIONAL STANDARD BOOK NUMBER
International Standard Book Number 0881676063
050 04 - LIBRARY OF CONGRESS CALL NUMBER
Classification number RC386.6.M34
Item number B734 1990
100 1# - MAIN ENTRY--PERSONAL NAME
Personal name Bradley, William G.
245 10 - TITLE STATEMENT
Title MRI atlas of the brain /
Statement of responsibility, etc. William G. Bradley, Graeme Bydder.
260 ## - PUBLICATION, DISTRIBUTION, ETC.
Place of publication, distribution, etc. New York :
Name of publisher, distributor, etc. Raven Press ;
Place of publication, distribution, etc. London :
Name of publisher, distributor, etc. Martin Dunitz,
Date of publication, distribution, etc. 1990.
300 ## - PHYSICAL DESCRIPTION
Extent 353 p. :
Other physical details ill. ;
Dimensions 31 cm.
650 #0 - SUBJECT ADDED ENTRY--TOPICAL TERM
Topical term or geographic name entry element Brain
General subdivision Radiography
-- Atlases.
650 #0 - SUBJECT ADDED ENTRY--TOPICAL TERM
Topical term or geographic name entry element Magnetic resonance imaging
General subdivision Atlases.
650 #2 - SUBJECT ADDED ENTRY--TOPICAL TERM
Topical term or geographic name entry element Brain
General subdivision radiography
-- atlases.
650 #2 - SUBJECT ADDED ENTRY--TOPICAL TERM
Topical term or geographic name entry element Magnetic Resonance Imaging
General subdivision atlases.
700 1# - ADDED ENTRY--PERSONAL NAME
Personal name Bydder, Graeme
Fuller form of name (Graeme M.)
942 ## - ADDED ENTRY ELEMENTS (KOHA)
Source of classification or shelving scheme Library of Congress Classification
Koha item type Books
Suppress in OPAC No
999 ## -
-- 3524
-- 3524
Holdings
Withdrawn status Lost status Source of classification or shelving scheme Damaged status Not for loan Collection Home library Current library Shelving location Date acquired Total checkouts Full call number Barcode Date last seen Copy number Price effective from Koha item type
    Library of Congress Classification     Non-fiction Science Library (Miotso) Science Library (Miotso) General stacks 02/06/2025   RC386.6 .M34B734 BRA SLM00002950 02/06/2025 1 02/06/2025 Books
    Library of Congress Classification     Non-fiction Science Library (Miotso) Science Library (Miotso) General stacks 02/06/2025   RC386.6 .M34B734 BRA SLM00002951 02/06/2025 2 02/06/2025 Books
    Library of Congress Classification     Non-fiction Science Library (Miotso) Science Library (Miotso) General stacks 02/06/2025   RC386.6 .M34B734 BRA SLM00002952 02/06/2025 3 02/06/2025 Books
    Library of Congress Classification     Non-fiction Science Library (Miotso) Science Library (Miotso) General stacks 02/06/2025   RC386.6 .M34B734 BRA SLM00002953 02/06/2025 4 02/06/2025 Books
    Library of Congress Classification     Non-fiction Science Library (Miotso) Science Library (Miotso) General stacks 02/06/2025   RC386.6 .M34B734 BRA SLM00002954 02/06/2025 5 02/06/2025 Books
© 2023-2024 Copyright: Central University Libraries. All Rights Reserved | Created by: Mahone Tech Office